The physics of electronic and atomic collisions (Record no. 3143)
[ view plain ]
| 000 -LEADER | |
|---|---|
| fixed length control field | 00865nam a2200193Ia 4500 |
| 003 - CONTROL NUMBER IDENTIFIER | |
| control field | IN-BaIIA |
| 008 - FIXED-LENGTH DATA ELEMENTS--GENERAL INFORMATION | |
| fixed length control field | 211028s9999 xx 000 0 eng d |
| 040 ## - CATALOGING SOURCE | |
| Transcribing agency | IIA Library |
| 080 ## - UNIVERSAL DECIMAL CLASSIFICATION NUMBER | |
| Universal Decimal Classification number | 539.1(082.1) |
| Item number | THE |
| 111 ## - MAIN ENTRY--MEETING NAME | |
| Meeting name or jurisdiction name as entry element | International conference on photonic, electronic and atomic collisions |
| Number of part/section/meeting | 5th |
| Location of meeting | Russia |
| Date of meeting or treaty signing | 1967 July 17-23 |
| 9 (RLIN) | 5576 |
| 245 #4 - TITLE STATEMENT | |
| Title | The physics of electronic and atomic collisions |
| Remainder of title | fifth International conference on photonic, electronic and atomic collisions, Leningrad, Russia, July 17-23, 1967 |
| Statement of responsibility, etc. | edited by Lewis M. Branscomb |
| 260 ## - PUBLICATION, DISTRIBUTION, ETC. | |
| Place of publication, distribution, etc. | Leningrad |
| Name of publisher, distributor, etc. | V. I. C. P. E. A. C |
| Date of publication, distribution, etc. | 1967 |
| 300 ## - PHYSICAL DESCRIPTION | |
| Extent | xvi, 200p. |
| 650 ## - SUBJECT ADDED ENTRY--TOPICAL TERM | |
| Topical term or geographic name entry element | Astronomy and astrophysics thesaurus |
| 650 ## - SUBJECT ADDED ENTRY--TOPICAL TERM | |
| Topical term or geographic name entry element | Atomic collisions |
| 9 (RLIN) | 1546 |
| 700 ## - ADDED ENTRY--PERSONAL NAME | |
| Personal name | Branscomb, Lewis M., ed. |
| 9 (RLIN) | 5577 |
| 710 ## - ADDED ENTRY--CORPORATE NAME | |
| Corporate name or jurisdiction name as entry element | Joint Institute for Laboratory Astrophysics |
| 9 (RLIN) | 5578 |
| 942 ## - ADDED ENTRY ELEMENTS (KOHA) | |
| Koha item type | Books |
| Withdrawn status | Lost status | Damaged status | Not for loan | Home library | Current library | Shelving location | Date acquired | Cost, normal purchase price | Total Checkouts | Full call number | Barcode | Date last seen | Cost, replacement price | Price effective from | Koha item type | Purchase Price |
|---|---|---|---|---|---|---|---|---|---|---|---|---|---|---|---|---|
| IIA Library-Bangalore | IIA Library-Bangalore | General Stacks | 06/12/1968 | 49.50 | 539.1(082.1)/ THE | 3495 | 05/11/2021 | 49.50 | 06/12/1968 | Books | Rs. 49.50 |